00000000nam 2200000zi 4500
0019.947117
003CaOODSP
00520250324131007
006m     o  d f      
007cr mn|||||||||
008250120s1982    onca    ob   f000 0 fre d
040 |aCaOODSP|bfre|erda|cCaOODSP
043 |an-cn---
0861 |aCo26-33/1982F-PDF
1001 |aKaye, Roger, |eauteur.
24510|aÉtude sur la recherche universitaire en bureautique / |cpar Roger Kaye.
264 1|aOttawa : |bGouvernement du Canada, Ministère des Communications = Government of Canada, Department of Communications, |c[1982]
300 |a1 ressource en ligne (175 pages) : |billustrations
336 |atexte|btxt|2rdacontent/fre
337 |ainformatique|bc|2rdamedia/fre
338 |aressource en ligne|bcr|2rdacarrier/fre
500 |aÉdition numérisée de l'imprimé [par Innovation, sciences et développement économique Canada].
500 |aPublié aussi en anglais sous le titre : Survey of university research activities in office automation.
504 |aComprend des références bibliographiques.
650 6|aBureautique|xRecherche|zCanada.
7101 |aCanada. |bMinistère des communications, |eorganisme de publication.
77508|tSurvey of university research activities in office automation / |w(CaOODSP)9.939560
85640|qPDF|s2.48 Mo|uhttps://publications.gc.ca/collections/collection_2025/isde-ised/co26/Co26-33-1982-fra.pdf